<?xml version="1.0" encoding="UTF-8"?>
<record
    xmlns:xsi="http://www.w3.org/2001/XMLSchema-instance"
    xsi:schemaLocation="http://www.loc.gov/MARC21/slim http://www.loc.gov/standards/marcxml/schema/MARC21slim.xsd"
    xmlns="http://www.loc.gov/MARC21/slim">

  <leader>02102nam a22002057a 4500</leader>
  <controlfield tag="003">IT-MiCISF</controlfield>
  <controlfield tag="005">20240103152308.0</controlfield>
  <controlfield tag="008">240103b        |||||||| |||| 00| 0 eng d</controlfield>
  <datafield tag="040" ind1=" " ind2=" ">
    <subfield code="c">IT-MiCISF</subfield>
  </datafield>
  <datafield tag="100" ind1=" " ind2=" ">
    <subfield code="a">Unione Internazionale Superiore Generali (UISG), Unione dei Superiori Generali (USG), Pontificia Commissione per la Protezione dei Minori (PCPM)</subfield>
    <subfield code="9">60410</subfield>
  </datafield>
  <datafield tag="245" ind1=" " ind2=" ">
    <subfield code="a">Per una cultura della cura e della protezione. </subfield>
    <subfield code="b">Nuove sfide per la vita consacrata</subfield>
  </datafield>
  <datafield tag="260" ind1=" " ind2=" ">
    <subfield code="a">Milano, </subfield>
    <subfield code="b">Paoline, </subfield>
    <subfield code="c">2022</subfield>
  </datafield>
  <datafield tag="300" ind1=" " ind2=" ">
    <subfield code="a">pp. 256</subfield>
  </datafield>
  <datafield tag="500" ind1=" " ind2=" ">
    <subfield code="a">abuso-di-minore, abuso-sessuale, operatori-pastorali, chiesa, formazione, progetto, diritto-canonico</subfield>
  </datafield>
  <datafield tag="520" ind1=" " ind2=" ">
    <subfield code="a">Questo volume nasce dalla collaborazione tra l&#x2019;Unione Internazionale delle Superiore Generali (UISG), l&#x2019;Unione dei Superiori Generali (USG) e la Pontificia Commissione per la Protezione dei Minori (PCPM). Il materiale in esso contenuto &#xE8; di grande rilevanza per chi &#xE8; coinvolto nella tutela di minori e adulti vulnerabili nell&#x2019;ambito della vita consacrata. Gli articoli sono frutto di ricerche e incontri internazionali tra superiori generali di istituti religiosi, delegati alla tutela ed esperti in materia di diritto canonico e formazione alla vita consacrata. Gli interrogativi e i suggerimenti di chi &#xE8; sopravvissuto ad abusi sono il punto di partenza per una riflessione necessaria dentro e fuori le comunit&#xE0; religiose. Le voci di cardinali, vescovi, religiosi e laici si alternano in queste pagine, dimostrando che solo una risposta comune pu&#xF2; tradursi in nuovi percorsi di azione che rendano la Chiesa un ambiente sicuro per tutti. Pu&#xF2; essere un buon vademecum per delegati alla tutela di congregazioni e per superiori e superiore generali e locali. A seguire disponibili in Italia anche le lingue spagnola e inglese.</subfield>
  </datafield>
  <datafield tag="650" ind1=" " ind2=" ">
    <subfield code="a">Maltrattamenti / violenza</subfield>
  </datafield>
  <datafield tag="654" ind1=" " ind2=" ">
    <subfield code="a">saggio</subfield>
  </datafield>
  <datafield tag="700" ind1=" " ind2=" ">
    <subfield code="a">Braz de Aviz J,, Oliver R., Rodriguez Carballo J., Costigane H., Giacometto R.,</subfield>
    <subfield code="a">Dy-Liacco G., La Vina M.C., Campbell T., Cruz Chellew J.C., Gonzalez Casas M.R., </subfield>
    <subfield code="a">Merletti T., Geary B., Brennan T.</subfield>
    <subfield code="9">60411</subfield>
  </datafield>
  <datafield tag="942" ind1=" " ind2=" ">
    <subfield code="2">ddc</subfield>
    <subfield code="c">BK</subfield>
  </datafield>
  <datafield tag="999" ind1=" " ind2=" ">
    <subfield code="c">359951</subfield>
    <subfield code="d">359953</subfield>
  </datafield>
  <datafield tag="952" ind1=" " ind2=" ">
    <subfield code="0">0</subfield>
    <subfield code="1">0</subfield>
    <subfield code="2">ddc</subfield>
    <subfield code="4">0</subfield>
    <subfield code="6">A_2436_000000000000000</subfield>
    <subfield code="7">1</subfield>
    <subfield code="a">CISF</subfield>
    <subfield code="b">CISF</subfield>
    <subfield code="d">2024-01-03</subfield>
    <subfield code="l">0</subfield>
    <subfield code="o">A2436</subfield>
    <subfield code="p">9788831554558</subfield>
    <subfield code="r">2024-01-03 15:23:36</subfield>
    <subfield code="w">2024-01-03</subfield>
    <subfield code="y">BK</subfield>
  </datafield>
</record>
